| 000 | 00735nam a2200181Ia 4500 | ||
|---|---|---|---|
| 008 | 090124s9999 xx 000 0 und d | ||
| 082 | _b19360 | ||
| 100 | _aशिंत्रे शिवरामशास्त्री | ||
| 245 | _a श्रीभीमशंकरमाहात्म्य | ||
| 250 | _a0 | ||
| 260 | _bसदाशिव बल्लाळ वैद्य | ||
| 300 | _a87 | ||
| 600 | _aशिंत्रे शिवरामशास्त्री | ||
| 630 | _a श्रीभीमशंकरमाहात्म्य | ||
| 700 | _aशिंत्रे शिवरामशास्त्री | ||
| 730 | _a श्रीभीमशंकरमाहात्म्य | ||
| 942 | _cBOOK | ||
| 999 |
_c90422 _d90422 |
||